Sueño de una noche de verano ; (Registro nro. 30696)
[ vista simple ]
| 000 -LEADER | |
|---|---|
| fixed length control field | 00637nam a22002057a 4500 |
| 003 - CONTROL NUMBER IDENTIFIER | |
| control field | OSt |
| 005 - DATE AND TIME OF LATEST TRANSACTION | |
| control field | 20250612103847.0 |
| 008 - FIXED-LENGTH DATA ELEMENTS--GENERAL INFORMATION | |
| fixed length control field | 240227b2016 ck a|||| |||| 00| m spa d |
| 022 ## - INTERNATIONAL STANDARD SERIAL NUMBER | |
| International Standard Serial Number | 9789583051890 |
| 037 ## - SOURCE OF ACQUISITION | |
| Stock number | Donación |
| 040 ## - CATALOGING SOURCE | |
| Transcribing agency | CO-JMCR |
| Original cataloging agency | CO-JMCR |
| Language of cataloging | spa |
| Modifying agency | CO-JMCR |
| Description conventions | rda |
| 041 ## - LANGUAGE CODE | |
| Language code of text/sound track or separate title | spa |
| 082 ## - DEWEY DECIMAL CLASSIFICATION NUMBER | |
| Classification number | J-N |
| Item number | SHAs |
| 100 ## - MAIN ENTRY--PERSONAL NAME | |
| Personal name | Shakespeare , William, |
| Relator term | autor |
| 9 (RLIN) | 9696 |
| 245 ## - TITLE STATEMENT | |
| Title | Sueño de una noche de verano ; |
| Statement of responsibility, etc. | WIlliam Shakespeare |
| 300 ## - PHYSICAL DESCRIPTION | |
| Extent | 49 páginas; |
| Other physical details | Ilustraciones a blanco y negro |
| Dimensions | 27 cm |
| 650 14 - SUBJECT ADDED ENTRY--TOPICAL TERM | |
| Source of heading or term | JMCR |
| Topical term or geographic name entry element | Novela gráfica |
| General subdivision | Literatura juvenil |
| 9 (RLIN) | 43779 |
| 650 24 - SUBJECT ADDED ENTRY--TOPICAL TERM | |
| Source of heading or term | JMCR |
| Topical term or geographic name entry element | Hadas en la literatura |
| 9 (RLIN) | 40334 |
| 942 ## - ADDED ENTRY ELEMENTS (KOHA) | |
| Source of classification or shelving scheme | Dewey Decimal Classification |
| Koha item type | Books |
| Withdrawn status | Lost status | Source of classification or shelving scheme | Damaged status | Not for loan | Home library | Current library | Shelving location | Date acquired | Source of acquisition | Total Checkouts | Full call number | Barcode | Date last seen | Date last checked out | Copy number | Price effective from | Koha item type |
|---|---|---|---|---|---|---|---|---|---|---|---|---|---|---|---|---|---|
| Dewey Decimal Classification | Biblioteca Pública José María del Castillo y Rada | Biblioteca Pública José María del Castillo y Rada | Fiction | 08/09/2024 | Reposición | 2 | J-N SHAs | 201812280 | 07/02/2025 | 07/01/2025 | Ej.1 | 08/09/2024 | Books |